Cuiabá em enredos, tramas e paisagens : (Record no. 1313)

MARC details
000 -LÍDER
Campo Fixo de Controle 00967nam a2200277 a 4500
001 - NÚMERO DE CONTROLE
Campo de Controle 1313
003 - IDENTIFICAÇÃO DO NÚMERO DE CONTROLE
Campo de Controle BR-CuiBMT
005 - DATA E HORA DA ÚLTIMA ATUALIZAÇÃO
Campo de Controle 20231204232245.0
008 - DADOS FIXOS
Dados Fixos 231204s2020 mtba 000 0 por d
020 ## - INTERNATIONAL STANDARD BOOK NUMBER
Nº do ISBN 9786555880441
040 ## - AGÊNCIA CATALOGADORA
Código da Agência Catalogadora BR-CuiBMT
Agência que transcreveu o registro BR-CuiBMT
080 ## - Nº DA CLASSIFICAÇÃO DECIMAL UNIVERSAL
Nº edição CDU 2007
Nº Class. CDU 94
Subd. Auxiliar Comum (817.2)
090 ## - NÚMERO DE CHAMADA
Nº classificação 94(817.2)
Cutter C966
Ano/Edição 1. ed.
245 1# - TÍTULO PRINCIPAL
Título principal Cuiabá em enredos, tramas e paisagens :
Subtítulo história, cotidiano e sociedade /
Indicação de responsabilidade Alexandra Lima da Silva... [et al.] ; Elizabeth Figueiredo de Sá, Nileide Souza Dourado, Renilson Rosa Ribeiro (orgs.).
250 ## - EDIÇÃO
Edição 1. ed.
260 ## - PUBLICAÇÃO, DISTRIBUIÇÃO, ETC.
Local de publicação Cuiabá :
Editora EdUFMT,
Data 2020.
300 ## - DESCRIÇÃO FÍSICA
N. páginas ou volumes 570 p.:
Ilustrações il.
Dimensões 23 cm
504 ## - NOTA DE BIBLIOGRAFIA, ETC.
Nota de bibliografia Inclui bibliografia.
650 ## - ASSUNTO TÓPICO
Cabeçalho tópico ou nome geográfico História
Subdivisão geográfica Cuiabá
650 ## - ASSUNTO TÓPICO
Cabeçalho tópico ou nome geográfico Cultura cuiabana
700 ## - ENTRADA SECUNDÁRIA -- NOME PESSOAL
Cód. do termo explicativo et al.
Nome pessoal Silva, Alexandra Lima da
700 ## - ENTRADA SECUNDÁRIA -- NOME PESSOAL
Cód. do termo explicativo org.
Nome pessoal Sá, Elizabeth Figueiredo de
700 ## - ENTRADA SECUNDÁRIA -- NOME PESSOAL
Cód. do termo explicativo org.
Nome pessoal Dourado, Nileide Souza,
Algarismos romanos que seguem o prenome 1955-
700 ## - ENTRADA SECUNDÁRIA -- NOME PESSOAL
Cód. do termo explicativo org.
Nome pessoal Ribeiro, Renilson Rosa
942 ## - ELEMENTOS DE ENTRADA ADICIONAIS (KOHA)
Fonte de classificação ou esquema de arquivamento Classificação Decimal Universal
Tipo de item do Koha Livros
Holdings
Estado: removido Estado: perdido Fonte de classificação ou esquema de arquivamento Estado: danificado Indisponível para empréstimo Localização permanente Localização atual Data de aquisição Total Checkouts Número de Chamada completo Código de barras Date last seen Número do exemplar Preço efetivo a partir de Tipo de item (Koha)
    Classificação Decimal Universal     Biblioteca da Escola Superior de Contas do TCE/MT Biblioteca da Escola Superior de Contas do TCE/MT 04/12/2023   94(817.2) C966 BIBTCEMT23120155 04/12/2023 Ex. 1 04/12/2023 Livros

Powered by Koha